昨日歷歷,晴天悠悠
| 資料類型: | 圖書 | 書目號: | 26719 |
Leader xxxxxxxxxx 001 __ PCLIS00026719 005 __ 20210624134038.0 010 0_ |a957679742X|b平裝|dNT$200 100 __ |a20010601d2001 k y0chib09 e 101 __ |achi 200 1_ |a昨日歷歷,晴天悠悠|f吳淡如作 205 __ |a初版 210 __ |a臺北市|c方智|d2001[民90] 215 0_ |a226面|c部份彩圖|d21 公分 225 1_ |a自信人生|v8 700 _0 |a吳|b淡如|4著 801 _0 |atw|b內湖高中|c20010622|gCCR |